| 000 | 02527cam a22004934i 4500 | ||
|---|---|---|---|
| 003 | PE-LiUPU | ||
| 005 | 20250731173425.0 | ||
| 008 | 150706s r 000 0 d | ||
| 020 | _a9780311420087 | ||
| 035 | _a(Sirsi) i9780311420087 | ||
| 040 |
_aPE-LiUPU _bspa _cPE-LiUPU _erda |
||
| 049 | _aPRUA | ||
| 082 | 0 | 4 |
_a220.4807 _bD32 _221 |
| 100 | 1 |
_aDavis, W. Hersey , _d1887-1950. , _eautor. |
|
| 245 | 1 | 0 |
_aGramática elemental : _bdel griego del Nuevo Testamento / _cGuillermo Hersey Davis y Jorge Fitch McKibben. |
| 250 | _a10a ed. | ||
| 264 | 1 |
_aTexas : _bMundo Hispano, _c2010. |
|
| 300 |
_a240 páginas ; _c19 cm. |
||
| 336 |
_atext _2rdacontent |
||
| 337 |
_aunmediated _2rdamedia |
||
| 338 |
_avolume _2rdacarrier |
||
| 505 | 0 | _aEl alfabeto -- Vocales, diptongos, espíritus: suave y rudo -- El acento -- Presente de indicativo activo -- Segunda declinación o declinación de los temas en -o -- declimación de los temas en -o (continuación). -Presente de indicativo medio, pasivo -- Imperfecto de indicativo activo -- Preposiciones y prefijos -- Inperfecto de indicativo de las voces media y pasiva -- Primera declinación o declinación de los temas en -a -- Adjetivos de la primera y segunda declinación -- El pronombre personal y el verbo eiuí, soy o estoy -- El pronombre personal autós; el imperfecto de indicativo de eiuí; y las oraciones condicionales -- Verbos defectivos o deponentes -- Los pronombres demostrativos oútos, exeívos -- Presente de subjuntivo Activos, voces media y pasiva -- Aoristo segundo de indicativo. | |
| 526 | _aSEG42 | ||
| 526 | _aSEG41 | ||
| 526 | _aSEG40 | ||
| 526 | _aSEG39 | ||
| 526 | _aP94 | ||
| 526 | _aP87 | ||
| 526 | _aP86 | ||
| 526 | _aP85 | ||
| 526 | _aP77 | ||
| 526 | _aP76 | ||
| 526 | _aP35 | ||
| 541 | _g001-0000607; | ||
| 630 |
_aBiblia. _pN.T. _xLenguaje, estilo _vProblemas, ejercicios, etc. |
||
| 650 | 0 | 4 |
_aGriego bíblico _xGramática _vProblemas, ejercicios, etc. |
| 700 | 1 |
_aFitch McKibben, Jorge, _etr. |
|
| 910 |
_agl _bjv _cng _d20121025 |
||
| 942 |
_2ddc _cBOOK |
||
| 949 |
_a220.4807 D32 _wDEWEY _c1 _i65715 _lCCODEBUL1 _mBUL _p34.00 _r0 _sY _tBOOK _u2015-7-6 _xTEOLOGIA _PP35 _o.STAFF. Colección General |
||
| 994 |
_aC0 _bPEPRU |
||
| 596 | _a1 | ||
| 999 |
_a220.4807 D32 _wDEWEY _c54148 _i65715 _d54148 _e2016-4-27 _f2021-11-9 _g4 _lCCODEBUL1 _mBUL _n4 _p34.00 _q6 _r0 _sY _tBOOK _u2015-7-6 _xTEOLOGIA _PP35 _0COMPRA _o.STAFF. Colección General |
||
| 980 |
_81 _gALBERTO SANCHEZ Responsable de Automatización |
||